GETS Theological Seminary Library

Wen hua shi ying yu Zhongguo Jidu tu (Record no. 41501)

MARC details
000 -LEADER
fixed length control field 01516nam a2200325 i 4500
001 - CONTROL NUMBER
control field P20220509058
008 - FIXED-LENGTH DATA ELEMENTS--GENERAL INFORMATION
fixed length control field 220825s1995 cc a s 000 0 chi d
020 ## - INTERNATIONAL STANDARD BOOK NUMBER
International Standard Book Number 9627997013
050 #4 - LIBRARY OF CONGRESS CALL NUMBER
Classification number BR1285
Item number X564 1995
100 1# - MAIN ENTRY--PERSONAL NAME
Linkage 880-01
Personal name Xing, Fuzeng.
245 10 - TITLE STATEMENT
Linkage 880-02
Title Wen hua shi ying yu Zhongguo Jidu tu
Medium [electronic resource] :
Remainder of title 1860 zhi 1911 nian /
Statement of responsibility, etc. Xing Fuzeng zhu.
246 1# - VARYING FORM OF TITLE
Display text Colophon English title :
Title proper/short title Culture accomodation and Chinese Christians(1860-1911)
250 ## - EDITION STATEMENT
Linkage 880-03
Edition statement Chu ban.
260 ## - PUBLICATION, DISTRIBUTION, ETC.
Linkage 880-04
Place of publication, distribution, etc. Xianggang :
Name of publisher, distributor, etc. Jian dao shen xue yuan,
Date of publication, distribution, etc. 1995.
300 ## - PHYSICAL DESCRIPTION
Extent 209 p. :
Other physical details ill.
490 1# - SERIES STATEMENT
Linkage 880-05
Series statement Jidu jiao yu Zhongguo wen hua yan jiu cong shu ;
Volume/sequential designation 2
533 ## - REPRODUCTION NOTE
Type of reproduction Electronic reproduction.
Place of reproduction New Taipei City :
Agency responsible for reproduction Airiti.
Note about reproduction System requirements: iRead eBook.
-- Available via World Wide Web.
650 #0 - SUBJECT ADDED ENTRY--TOPICAL TERM
Topical term or geographic name entry element Christianity
Geographic subdivision China.
650 #0 - SUBJECT ADDED ENTRY--TOPICAL TERM
Topical term or geographic name entry element Christianity and other religions
General subdivision Chinese.
651 #0 - SUBJECT ADDED ENTRY--GEOGRAPHIC NAME
Geographic name China
General subdivision Church history.
830 #0 - SERIES ADDED ENTRY--UNIFORM TITLE
Linkage 880-06
Uniform title Jidu jiao yu Zhongguo wen hua yan jiu cong shu ;
Volume/sequential designation 2.
856 40 - ELECTRONIC LOCATION AND ACCESS
Uniform Resource Identifier <a href="https://www.airitibooks.com/Detail/Detail?PublicationID=P20220509058">https://www.airitibooks.com/Detail/Detail?PublicationID=P20220509058</a>
880 1# - ALTERNATE GRAPHIC REPRESENTATION
Linkage 100-01/
--
a 邢福增.
880 10 - ALTERNATE GRAPHIC REPRESENTATION
Linkage 245-02/
--
a 文化適應與中國基督徒
h [electronic resource] :
b 一八六0至一九一一年 /
c 邢福增著.
880 ## - ALTERNATE GRAPHIC REPRESENTATION
Linkage 250-03/
--
a 初版.
880 ## - ALTERNATE GRAPHIC REPRESENTATION
Linkage 260-04/
--
a 香港 :
b 建道神學院,
c 1995.
880 1# - ALTERNATE GRAPHIC REPRESENTATION
Linkage 490-05/
--
a 基督教與中國文化研究叢書 ;
v 2
880 #0 - ALTERNATE GRAPHIC REPRESENTATION
Linkage 830-06/
--
a 基督教與中國文化研究叢書 ;
v 2.

No items available.

OpacCredits

Contact the Librarian, GETS Library
Email: library@mygets.org









Implemented by GETS Library
(Powered by ETCA Professional Group)
GETS Theological Seminary
412 E. Rowland Street, CA 91723